MARC details
| 000 -LEADER |
| fixed length control field |
00841nam a22002417a 4500 |
| 003 - CONTROL NUMBER IDENTIFIER |
| control field |
OSt |
| 005 - DATE AND TIME OF LATEST TRANSACTION |
| control field |
20251030065506.0 |
| 008 - FIXED-LENGTH DATA ELEMENTS--GENERAL INFORMATION |
| fixed length control field |
251030b |||||||| |||| 00| 0 eng d |
| 020 ## - INTERNATIONAL STANDARD BOOK NUMBER |
| International Standard Book Number |
1-58826-284-7. |
| 040 ## - CATALOGING SOURCE |
| Original cataloging agency |
DWCL-Main lib |
| Transcribing agency |
OC |
| 082 ## - DEWEY DECIMAL CLASSIFICATION NUMBER |
| Classification number |
Circ. 966.033 W516 2004 |
| 100 ## - MAIN ENTRY--PERSONAL NAME |
| Personal name |
Adebajo, Adekeye |
| 245 ## - TITLE STATEMENT |
| Title |
West Africa's security challenges : |
| Remainder of title |
building peace in a troubled region |
| Statement of responsibility, etc. |
Adebajo, Adekeye |
| 260 ## - PUBLICATION, DISTRIBUTION, ETC. |
| Place of publication, distribution, etc. |
Colo. : |
| Name of publisher, distributor, etc. |
Lynne reinner Pub., Inc., |
| Date of publication, distribution, etc. |
c2004. |
| 300 ## - PHYSICAL DESCRIPTION |
| Extent |
xvi, 449 pages ; |
| Dimensions |
23 cm. |
| 504 ## - BIBLIOGRAPHY, ETC. NOTE |
| Bibliography, etc. note |
Includes bibliographical references and index. |
| 650 ## - SUBJECT ADDED ENTRY--TOPICAL TERM |
| Source of heading or term |
1. National security-West Africa. |
| 650 ## - SUBJECT ADDED ENTRY--TOPICAL TERM |
| Source of heading or term |
2. West Africa-Economic conditions. |
| 650 ## - SUBJECT ADDED ENTRY--TOPICAL TERM |
| Source of heading or term |
3. West Africa-Military policy. |
| 650 ## - SUBJECT ADDED ENTRY--TOPICAL TERM |
| Source of heading or term |
4. West Africa-Politics and government-1960-. |
| 700 ## - ADDED ENTRY--PERSONAL NAME |
| Personal name |
Rashid, Ismael |
| 942 ## - ADDED ENTRY ELEMENTS (KOHA) |
| Source of classification or shelving scheme |
Dewey Decimal Classification |
| Koha item type |
Book Circulation |
| Call number prefix |
Circ. |
| Suppress in OPAC |
No |
| 952 ## - LOCATION AND ITEM INFORMATION (KOHA) |
| -- |
|